000 00594nam a2200181 a 4500
001 000005661
005 20200929151733.0
008 090821s1997 dr 000 0 spa d
040 _aDO-SdBNP
_bspa
_cBNPHU
082 _axxxx
_bN238e
100 1 _aNarváez Rivadeneira, Luis
_916007
245 1 0 _aEvangelio de un peregrino /
_cLuis Narváez Rivadeneira ; colaboración Pamela Larrea.
260 _aSanto Domingo :
_b[s.n.],
_c1997.
300 _a397 p. ;
_c24 cm.
500 _aRetablo de política internacional
504 _aBibliografía : p. 387-397
700 1 _aLarrea, Pamela,
_ecol.
_916008
999 _c5459
_d5459